000 00589nam a22002297a 4500
003 UA-OsUOA
001 40096
007 ta
008 20060713b un ||||| |||| 00| 0 ukr d
100 _aКосідовський З.
090 _a244
_bК71
942 _cBK
040 _aUA-OsUOA
_bukr
_cUA-OsUOA
_dUA-OsUOA
245 _aОповіді Євангелістів
300 _a260 с.
955 _a4
041 _aukr
080 _a244
260 _aК.
_bПолітична література
_c1981
650 7 _a2 Релігія. Теологія.
_2UDC
999 _c326237
_d326237